Subdivision capitals closest to Pori (FI) - Statistics

General Stats
  • This quiz has been taken 28 times
  • The average score is 10 of 20
Answer Stats
Distance (km) Answer % Correct
9 225 Helsinki
100%
1 104 Tampere
95%
2 117 Turku
95%
5 180 Vaasa
73%
8 224 Jyväskylä
68%
7 214 Lahti
68%
3 153 Hämeenlinna
64%
15 279 Tallinn
59%
18 291 Mikkeli
50%
6 184 Mariehamn/Maarianhamina
45%
12 271 Kokkola
41%
13 272 Kouvola
41%
4 155 Seinäjoki
41%
14 272 Umeå
32%
20 300 Kotka
27%
11 266 Gävle
23%
17 290 Uppsala
23%
19 298 Haapsalu
9%
10 238 Härnösand
9%
16 281 Kärdla
5%
No matching quizzes found
Score Distribution
Percent of People with Each Score
Percentile by Number Answered
Your Score History
You have not taken this quiz